Applied XML programming for Microsoft.NET -(E-BOOK) (Record no. 192214)

000 -LEADER
fixed length control field 00726 a2200217 4500
003 - CONTROL NUMBER IDENTIFIER
control field Nust
005 - DATE AND TIME OF LATEST TRANSACTION
control field 20170207154032.0
010 ## - LIBRARY OF CONGRESS CONTROL NUMBER
LC control number 2002029546
020 ## - INTERNATIONAL STANDARD BOOK NUMBER
International Standard Book Number 0735618011 (pbk.)
040 ## - CATALOGING SOURCE
Transcribing agency Nust
082 00 - DEWEY DECIMAL CLASSIFICATION NUMBER
Classification number 005.72
100 1# - MAIN ENTRY--PERSONAL NAME
Personal name Esposito, Dino,
245 10 - TITLE STATEMENT
Title Applied XML programming for Microsoft.NET -(E-BOOK)
Statement of responsibility, etc. Dino Esposito.
260 ## - PUBLICATION, DISTRIBUTION, ETC.
Place of publication, distribution, etc. Redmond, Wash. :
Name of publisher, distributor, etc. Microsoft Press,
Date of publication, distribution, etc. c2003.
300 ## - PHYSICAL DESCRIPTION
Extent xxi, 696 p. :
Other physical details ill. ;
Dimensions 23 cm.
500 ## - GENERAL NOTE
General note Includes index.
505 ## - FORMATTED CONTENTS NOTE
Formatted contents note Part I - XML Core Classes in the .NET Framework Part II - XML Data Manipulation Part III - XML and Data Access Part IV - Applications Interoperability
650 #0 - SUBJECT ADDED ENTRY--TOPICAL TERM
Topical term or geographic name entry element Microsoft .NET.
650 #0 - SUBJECT ADDED ENTRY--TOPICAL TERM
Topical term or geographic name entry element XML (Document markup language)
651 ## - SUBJECT ADDED ENTRY--GEOGRAPHIC NAME
Geographic name E-BOOK
942 ## - ADDED ENTRY ELEMENTS (KOHA)
Source of classification or shelving scheme
Koha item type Book
Holdings
Withdrawn status Lost status Source of classification or shelving scheme Damaged status Not for loan Collection code Permanent Location Current Location Date acquired Total Checkouts Full call number Barcode Date last seen Price effective from Koha item type
            Military College of Signals (MCS) Military College of Signals (MCS) 12/12/2016   005.72 ESP MCSEB-1240 12/08/2016 12/12/2016 Book
© 2023 Central Library, National University of Sciences and Technology. All Rights Reserved.